geometry dash all extreme demons (2025 oct) - Statistics

General Stats
  • This quiz has been taken 64 times
    58 since last reset
  • The average score is 200 of 1395
Answer Stats
Hint Answer % Correct
Blo Bloodbath
81%
Acu Acu
78%
Ach Acheron
72%
Blo Bloodlust
72%
Tid Tidal Wave
72%
The The Abyss
69%
Ame Amethyst
66%
Cat Cataclysm
66%
Aby Abyss of Darkness
63%
aft aftermath
63%
Thi Thinking Space
63%
Art Artificial Ascent
59%
Ave Avernus
59%
LIM LIMBO
59%
and andromeda
56%
KOC KOCMOC
56%
Sil Silent Club
56%
Sil Silent clubstep
56%
Sla Slaughterhouse
56%
Son Sonic Wave
56%
THE THE J
56%
Thi Thinking Space II
56%
Zod Zodiac
56%
Ana Anathema
53%
Bla Black Blizzard
53%
BOO BOOBAWAMBA
53%
Eve Every End
53%
Kyo Kyouki
53%
8o 8o X
50%
BBB BBBBBBBBBBBBBBBBBBBB
50%
Dig Digital Descent
50%
Fla Flamewall
50%
Nul Null
50%
Nul Nullscapes
50%
Sak Sakupen Circles
50%
Tar Tartarus
50%
xo xo
50%
Acr AcropoliX
47%
Ere Erebus (BoldStep)
47%
Ere ErebuS (Platnuu)
47%
Obl Oblivion
47%
Ome Omega
47%
Son Sonic Wave Infinity
47%
2 1 2 1 1
44%
Aer Aerial Gleam
44%
Arc Arctic Lights
44%
BEE BEELINE
44%
Cod Codependence
44%
EX EX
44%
Ome Omega Interface
44%
Red Red World
44%
RUS RUST
44%
Sha Shardscapes
44%
The The Golden
44%
Apo Apocalyptic Trilogy
41%
ATO ATOMIC CANNON
41%
ATO ATOMIC CANNON Mk II
41%
ATO ATOMIC CANNON Mk III
41%
Del Delta
41%
Fir Firework
41%
Jig Jigsaw
41%
Ken Kenos
41%
Kil Killbot
41%
Low Low Death
41%
Men Menace
41%
Pho Phobos
41%
poo poocubed
41%
qoU qoUEO
41%
Sak Sakupen Hell
41%
Sev Sevvend Clubstep
41%
Son Sonic Wave Rebirth
41%
Yat Yatagarasu
41%
A B A Bizarre Phantasm
38%
Aqu Aquatic Auroras
38%
arc arcturus
38%
Asc Ascent
38%
Aur Aurora
38%
Cog Cognition
38%
Con Conical Depression
38%
Dam Damascus
38%
Dei Deimos (EndLevel)
38%
Dei Deimos (ItsHybrid)
38%
Edg Edge of Destiny
38%
Ker Keres
38%
LD5 LD50
38%
Qua Quantum Processing
38%
Ren Renevant
38%
Shu Shukketsu
38%
Tun Tunnel
38%
Tun Tunnel of Despair
38%
VOI VOID
38%
Wat Waterfall
38%
A2M A2Marbl
34%
ABE ABEL
34%
ATM ATMarbl
34%
Bau Bausha Vortex
34%
Bla Blade of Justice
34%
Con ConClusion
34%
Cri Crimson Planet
34%
Cyb Cybernetic Crescent
34%
Del Delta Interface
34%
Eye Eyes in the Water
34%
Har Hard Machine
34%
Lot Lotus
34%
Lot Lotus Flower
34%
Luc Lucid Nightmares
34%
May Mayhem
34%
NEU NEUTRA
34%
Red Red World Rebirth
34%
Rig Rigel
34%
Sau Saul Goodman
34%
Spe Spectre
34%
SUP SUPERHATEMEWORLD
34%
The The Sun
34%
The The Yandere
34%
The The Yangire
34%
Was Wasureta
34%
Wcr WcropoliX
34%
WOW WOW
34%
ZAP ZAPHKIEL
34%
Aka Akashic Records
31%
All Allegiance
31%
Alp Alpha
31%
Arc Arctic Arena
31%
Ath Athanatos
31%
Atm Atmos
31%
Aud Auditory Breaker
31%
Azu Azurite (royen)
31%
Azu Azurite (Sillow)
31%
Bel Belladonna
31%
BPA BPATA MPAKA
31%
BuT BuTiTi III
31%
Cal Calculator Core
31%
Cob Cobwebs
31%
COM COMBUSTION
31%
Con Congregation
31%
Dea Deadlier Clubstep
31%
Dow Down Bass
31%
Edg Edge of the Blade
31%
Eon Eon
31%
Esf Esfera
31%
Fal Falling Up
31%
Fra Fragile
31%
Hyp HyperSonic
31%
Kap Kappa
31%
KOS KOSETSU
31%
kow kowareta
31%
lim limbo but uwu ig idk
31%
NET NETWORK (Agat3)
31%
net network (VanDerVals)
31%
Nhe Nhelv
31%
Nif Niflheim
31%
Omi Omicron
31%
ORD ORDINARY
31%
POW POW
31%
Rag Ragnarok
31%
SAR SARY NEVER CLEAR
31%
Sin Sinister Silence
31%
Sky Sky Shredder
31%
Sub Subterminal Point
31%
ta1 ta1LSD0ll
31%
The The Ultimate Phase
31%
wal walter white
31%
X0 X0
31%
0 m 0 mind
28%
Acr Acrozis
28%
AKI AKIRA
28%
Axi Axiom Asterism
28%
Bal Balengu Vortex
28%
Bio Biohazard
28%
Blo Blood Echo
28%
BYE BYE
28%
Cim Cimmerian Shade
28%
CIT CITRA
28%
CON CONVULSION
28%
Cos Cosmic Cyclone
28%
Cry Crystal
28%
Def Defeated Circles
28%
DIR DIRECTIONS
28%
Dry Dry Out Copyable 2
28%
Eps Epsilon
28%
Fab Fabrication
28%
Hea Heartbeat (classic)
28%
Hea Heartbeat (plat)
28%
IRI IRIS
28%
Jud Judgement Knights
28%
lez lezicuv
28%
me me when machine gang
28%
Mid Midnight
28%
Our Ouroboros
28%
Par Paroxysm
28%
PSY PSYCHOPATH
28%
RGB RGB
28%
SAR SARYYX NEVER CLEAR
28%
shi shimmer (amplitron)
28%
Shi Shimmer (Mercury)
28%
Sig Sigma
28%
Ste Stereo Extremeness
28%
Sub SubSonic
28%
The The Hallucination
28%
The The Hell Field
28%
The The Hell World
28%
The The Hell Zone
28%
The The Paroxysm of Rage
28%
UNK UNKNOWN
28%
wtf wtf
28%
XxX XxXxXxXxXxX
28%
3x3 3x3
25%
9bl 9blue
25%
Aba Abandoned Planet
25%
Aes Aesthetic
25%
aet aether (Zeptoz)
25%
aet aether (ZeroSR)
25%
Ano Anoxysm
25%
Art Artificial Ideology
25%
Atm Atmosphere
25%
Aur Aura (Duque01)
25%
Aur Aura (Ka1sa)
25%
Ava Avalanche (classic)
25%
AVA AVALANCHE (plat)
25%
Axi Axinie
25%
Ban Bang Gang
25%
Cat Cat Planet
25%
Che Checked Steam
25%
Coa Coalescence
25%
Col Cold Sweat
25%
CON CONVOLUTION
25%
COR CORRODERE
25%
Cri Critical Heat
25%
Cry Crystal Crusher
25%
Fal Falcon16
25%
Gag Gaggatrondra
25%
Gam Gamma
25%
Gen Generic Wave
25%
Io Io
25%
Jes Jesse Pinkman
25%
Jup Jupiter My Favourite
25%
Kuz Kuzureta
25%
lod lodin da fish washer
25%
M A M A N I X
25%
MIN MINUSdry
25%
mom moment
25%
N0 N0
25%
Nap Napalm
25%
Nec Necromancer
25%
Ope Operation Evolution
25%
Pan PanaSonic
25%
Pro Promethean
25%
Req Requiem
25%
RUT RUTHLESS
25%
Sid Sides Of My Mind
25%
SL8 SL8O
25%
Sun Sunset Sandstorm
25%
The The Fog
25%
The The Hell Dignity
25%
THE THE JET ENGINE
25%
The The Lightning Rod
25%
TOR TORN
25%
Tro Trotil
25%
Tru Trueffet
25%
Twi Twilight
25%
Ver Verdant Landscape
25%
Vip Viprin UFO
25%
We We Are Not The Same
25%
Yuh Yuh
25%
ZOO ZOOOOOOOOOOOOOOOOOOM
25%
0 T 0 Techno
22%
133 1330X
22%
A B A Berry
22%
ADO ADOMANIA
22%
Adr Adrenaline (IvanCrafter026)
22%
Adr Adrenaline (wapon77)
22%
Alt Altered Ascent
22%
Ama Amalgam
22%
APE APEX
22%
Ast Asterios
22%
Aud Audio Extraction
22%
Azu Azure Fiesta
22%
Bas Bass Cave
22%
Cad Cadrega City
22%
Cel Celestial Force
22%
Cer Cersia Difficult
22%
Cer Cersia Madness
22%
CHR CHROMA FINALE
22%
CHR CHROMA II
22%
CIC CICADA3302
22%
Cli Climax
22%
Con ConFusion
22%
Cor Coral Cave
22%
Cra Crackhead Circles
22%
cyt cytokinesis
22%
DIS DISSONANCE
22%
DMG DMG CTRL
22%
Dol Dolos
22%
ECS ECSTASY (Filqh)
22%
Ecs Ecstasy (SleyGD)
22%
Edg Edge of the World
22%
EKO EKO
22%
Fex Fexty
22%
Fog Fog
22%
FRI FRIDAY
22%
Glo Glowy
22%
Gus Gustavo Fring
22%
Hat Hatred
22%
HUR HURRICANE
22%
i h i hate you
22%
INN INNARDS
22%
Ion Ion
22%
Lit Lithium
22%
Loo Loochiverse
22%
Los Lost Love
22%
LUM LUMINA
22%
Miz Mizureta
22%
Mys Mystic
22%
Nec NecropoliX
22%
Neo Neon Skyline
22%
nig night party
22%
niw niwa
22%
oGo oGo
22%
Our Ouroboros Startpos 2
22%
Pla Plasma Pulse Finale
22%
Pla Plasma Pulse III
22%
RAM RAM
22%
ROW ROW
22%
Scr Scream Machine
22%
Sig Sigma Interface
22%
Sol Solar Flare
22%
SUB SUBVERSIVE
22%
sup super probably level
22%
Swi Swing Swing
22%
The The Art of the Blade
22%
The The Hell Factory
22%
Thr Through The Decay
22%
Upr Uprise
22%
Ver Vertigo
22%
Ver Vertigo (notLevo)
22%
Voi Void Wave
22%
WOB WOBBLING MACHINE
22%
Ygg Yggdrasil
22%
Zir Ziroikabi
22%
Zir Ziroikapi
22%
100 100HEX
19%
4El 4Elements
19%
4im 4imu
19%
4uc 4ucked Up
19%
Aks Aksion
19%
Any Anya III
19%
Apo Apollo 11
19%
Art Artifice
19%
Art Artificial Dream
19%
Asm Asmodeus
19%
Ast Astral Divinity
19%
Aud Audio Expulsion
19%
Aur Auroral Darkness
19%
Bar Barbaros Finale
19%
Bar BarbarosFinaleFinale
19%
Bas Based Gang
19%
Bel Belloq
19%
Bet Betrayal of Fate
19%
Cad Cadrega Mode
19%
Car Carcano
19%
Cau Caution
19%
Ch1 Ch1ll Puddy
19%
Chr Chromatic Haze
19%
Col Collapse
19%
Col Collapse (Nexel)
19%
CYC CYCLONE
19%
Dar Dark Odyssey
19%
DEA DEAD OF NIGHT (classic)
19%
Dea Dead Of Night (plat)
19%
Dea Death
19%
Dee Deep Bass
19%
Dem Demonicat
19%
Dev Devil Vortex
19%
Dis Disconnected Descent
19%
dor doradura
19%
Dua Dualies
19%
ETE ETERNAL
19%
Exp Explosion
19%
FAR FARBIDI THEORY
19%
Fri Friday Vortex
19%
FTW FTW
19%
Gew GewErbiX
19%
Gho Ghoul
19%
GLI GLISTEN
19%
glu glungus
19%
GON GONER
19%
gra gravity
19%
hot hot rod
19%
Hyp Hyper Paracosm
19%
Hyp Hyper Paradox
19%
Ith Ithacropolis
19%
Ith IthacropoliX
19%
Kni Knights of Thunder
19%
La La Llorona
19%
Le Le Fishe
19%
Lib Libertas
19%
Lov Lovers Sadness
19%
Mad MadMansion
19%
mem memories
19%
MIS MISFIRE
19%
Mis Misty Mountains
19%
Myo Myocardia
19%
NEK NEKOTINE
19%
New New Record
19%
Nig Night Rider
19%
of of Ambrosia
19%
Pha Phantasma
19%
Pri Prisma
19%
Pri Prismatic
19%
Qua Quantum Dynamix
19%
RAS RASH
19%
Red Redemption
19%
RTX RTX ON
19%
Saz Sazerix
19%
Spa Spacial Rend
19%
Sta Starlit Stroll
19%
Sta Stasis
19%
SZY SZYSLAK
19%
Th3 Th3Dev0n
19%
The The Hell Bird
19%
The The Hell Origin
19%
Tim Timu
19%
TUA TUAPEKA
19%
Twi Twisted Tranquility
19%
U23 U235
19%
Vol Volume
19%
Wel Welcome To GD News
19%
Wid Widestep
19%
Xro Xronier
19%
XtC XtC
19%
YIP YIPPEE
19%
22 22 Trials of PAIN
16%
Ade Adelucid
16%
Adv Advanced AirStream
16%
Aim Aimbotter Force
16%
Air Air Tech
16%
Anc Ancestral Calamity
16%
any any percent
16%
Aro Aronia
16%
Asc Ascension
16%
ASH ASHES
16%
Aur Aurorae
16%
AUX AUX cord
16%
Awe Awedsy
16%
Bet Betelgeuse
16%
Bet Betrayal of Destiny
16%
Bit Bitcrusher
16%
BLA BLACKLIGHTS
16%
Boo Booh
16%
Bro Broken Signal
16%
BuZ BuZzKiLl
16%
Car Carnage Mode
16%
Cat Catalyze
16%
Con ConTroller
16%
Dec Deception Dive
16%
Des Descent Into Exile
16%
Dia Diamond Disco
16%
Dsi DsinK
16%
Dya Dyad
16%
EGO EGO KILLING
16%
Env EnvY
16%
Esc Escape Room
16%
Eth Ethereal Artifice
16%
Fab Fabricated Thoughts
16%
Fai Faith
16%
Fev Fever Dream
16%
Fim Fimu
16%
FIS FISH FISH GODMODE
16%
Fre Freedom08
16%
Fro Frozen
16%
Fro Frozen Cave
16%
FUR FURY OF 500
16%
GBS GBS
16%
geo geography dash
16%
Glo Gloxinia
16%
GO GO bird
16%
Hea Heart Attack
16%
Hel Helios
16%
Hex Hexagonestestestest
16%
Hor Horros
16%
i h i hate renn
16%
ika ikaros
16%
IMO IMOISTAR
16%
Inc Incipient
16%
Inf Infinite Iniquity
16%
Ins Instinct (ItsHybrid)
16%
Ins Instinct (Krazyman50Real)
16%
it it back
16%
Jam Jamboree
16%
JRJ JRJRJR
16%
Jus Just DANCE
16%
KUB KUB
16%
lim limitless
16%
Luc Lucid Chaos
16%
MEL MELTDOWN
16%
mem memories III
16%
Mol Molten Core
16%
Mol Molten Gear
16%
NEB NEBULA
16%
nif niflhel
16%
no no jokes
16%
Occ Occult Outcry
16%
Ogu Ogue
16%
Omo Omorfia
16%
On1 On1y Cub3
16%
OPS OPSM1
16%
OXI OXI
16%
Pag Pagoda
16%
Pen Penultimate Phase
16%
Pha Phantasmagoria (Janucha)
16%
pha phantasmagoria (whlt)
16%
Pim Pimu
16%
poo poocu4ever
16%
PRO PROTON LAUNCHER
16%
QDY QDYNAMIX
16%
Qim Qimu
16%
Qua Quantum Theory
16%
Rab Rabbit Hole
16%
Rag Rage
16%
RAN RANDOM ACCESS MEMORY
16%
Rea Reanimate
16%
Ret Retention
16%
rev reverence
16%
RIV RIVERS OF NAZARETH
16%
Ryf Ryft
16%
SAN SAND SAILOR
16%
Scr Scrubbabingo force
16%
Shu Shukufuku
16%
SIG SIGSEGV
16%
Sil Silentium Clavas
16%
Sil Silentium Gradas
16%
Sin Sink
16%
Sis SisuSonic
16%
STR STRATUS
16%
TAN TANTRUM
16%
Ten Tenth Circle
16%
Ter Terminal Rampancy
16%
The The Hell Nutz
16%
The The Ultimate Demon
16%
Tro Tron
16%
TUR TURN THE LIGHTS OFF
16%
UNG UNG
16%
vae vaenstep
16%
V O V O L L E Y
16%
XRA XRAY
16%
Yim Yimu
16%
Zet Zettabyte
16%
Age Agen Wida
13%
Air Air Fryer
13%
Ana Anahita
13%
Anc Ancient Travel
13%
Ano Another Phase
13%
Arm Armageddon
13%
Awa Awakening Horus
13%
Bal Ballistic Funk
13%
Ban Bangarang
13%
Ber Berserk
13%
Bud Budding Roses
13%
Cal Calamity
13%
Cal Call Me Maybe
13%
cer cerebral hemorrhage
13%
cim cimu
13%
Col Cold Level Go BRRRR
13%
Cre Crerro Kaizo I
13%
Cre Crerro Kaizo II
13%
Cup Cupid
13%
Ddi Ddiamond
13%
Des Destruction 19
13%
Dil Diligence
13%
Dim Dimension Breaker
13%
Dis Dismal Duststorm
13%
dis distraught
13%
Doo Doop
13%
Dre Dreams
13%
Dum Dumbest Girl Alive
13%
Dum Dump
13%
Dup Duplication
13%
Ede Edelweiss
13%
EnC EnCrypted
13%
Ete Eternal Moment
13%
Eva Evangelion
13%
Exc Excruciation Chamber
13%
Fad Faded Dream
13%
FEE FEEL ALIVE
13%
Fee Feel Alive
13%
FIF FIFTY THREE
13%
Fin FinKor
13%
Fro Frost Spirit
13%
Fus Fusion Z
13%
Gam Game Over
13%
GEO GEODE
13%
Gui Guideless Goobering
13%
Hyp HyperHyperHyperHyper
13%
Ico Icotact
13%
Ido Idols
13%
ILO ILOVECYAN
13%
IMA IMAPHONE
13%
Ind Indivine
13%
Inf Infernal Abyss
13%
Inf Infinite Inversion
13%
Kom Komodo
13%
Le Le Midd Mapperoonies
13%
Lig Light Travel
13%
Liz Liz
13%
loo loop
13%
Lov Love0
13%
LXE LXE
13%
Mac Macabre
13%
mad maddening
13%
Mar Marathon
13%
May Maybe Possibly Thing
13%
Me Me Lin A
13%
MIN MINIMUM (Insidee)
13%
MIN MINIMUM (Sivlol)
13%
MOT MOTOR MOGOK
13%
Muj Mujigae
13%
Nab Nabil Let Go
13%
Nat Natural Disaster
13%
NeR NeRUaL
13%
now nowdead
13%
OOP OOPZ
13%
OUC OUCH
13%
Our Our Fountain
13%
Pan Pandemonium (Cersia)
13%
Pan Pandemonium (Yakimaru)
13%
Pia Piano Woman
13%
Pri Prismatic Haze
13%
Pro Project alter
13%
Pro Pro Lov Ad
13%
Psy Psychotic
13%
PUR PURE VALE
13%
Red Redemption Arc
13%
REL RELENTLESS
13%
REP REPENTLESS
13%
Rev Reverie
13%
rim rimu
13%
ros rosedynamix
13%
rub ruber cash 22
13%
S3N S3NT1M3NT
13%
San Sank
13%
Sem Semicolon 3
13%
SHI SHINE
13%
Sho Shotgun
13%
SHU SHURIMA
13%
Shu Shutdown
13%
Skr Skrrah
13%
SMA SMASH
13%
Sno Snowdrift
13%
Spe Spectrum Cyclone
13%
Sta Stalemate Redux
13%
Sta Starlight Summit
13%
sun sunburn
13%
SUP SUPERMAYOHATECLUB
13%
Tap Tapwreck
13%
Tec Tech Manifestation
13%
Tem Tempered Steel
13%
Tes Tesseract
13%
The The Flawless
13%
The The Lost Existence
13%
The The Plunge
13%
The The Sulphur Sea
13%
the the super hotdog
13%
The The Tower XXII
13%
The The Ultimate Return
13%
Thr Throat of the World
13%
TOR TORNADO
13%
Uhm Uhm Huh
13%
Und Under lavaland
13%
UNL UNLEASH WHALE WHALES
13%
Unt Untitled
13%
unt untitled unmastered
13%
Vis Visible Ray
13%
Wav WaveBreaker
13%
Wel Welcome to your mind
13%
Whi White Album
13%
Ykd Ykds1479ymdppr
13%
ABS ABSURDIA
9%
ACH ACHROMATISM
9%
Adv Advent Aurora
9%
ame ameliorate
9%
ANN ANNIHILATED
9%
Ann Annihilation Nation
9%
App Apparition
9%
Asc Ascension Tower
9%
Ast Astrophobia
9%
Aur Aureole
9%
Aur Auroral Valhalla
9%
Bac Backlights
9%
Bla Black Flag
9%
Boo Boogie
9%
Boo Boost
9%
Bor Boreas
9%
Bos Boson
9%
Bre Breakout
9%
Bre Breakout Redux
9%
Bri Brimtanic Paradise
9%
BUR BURNOUT
9%
bur burn to dust
9%
Car Carbon
9%
CAS CASIO HELLBURST
9%
cav cave of heart
9%
Cer Cerebral Torment
9%
Cha Chaos Ball Theory
9%
Chi Chief Needler
9%
Cho ChopStep
9%
Cic Cicatrize
9%
CIT CITYFADE
9%
Cla Clarity
9%
Clo Clown Control
9%
Cob Cobalt Hell
9%
CON CONNECT
9%
Coo Coolie Mazie Paloozi
9%
Cor Corrosion
9%
cou court circuit
9%
CRI CRIDIUM
9%
Cri Crippled Depression
9%
Cro Crowd Control
9%
Cyb Cybersonic
9%
Day Daybreak
9%
Day Daydream
9%
Dec Decay
9%
Def Deflective
9%
Del Delicious Dogs
9%
Dia Diamonds For Dashers
9%
Dim Dimensional Breaking
9%
Dis Dismay (ewop)
9%
Dis Disruption
9%
dus dusty travel
9%
ecl eclipse
9%
ELL ELLIPSISM
9%
EMP EMPTINESS
9%
Emp Empyrean
9%
ENT ENTROPY
9%
Ete Eternal Dreams
9%
EXP EXPLICIT
9%
Fac Factory Realm X
9%
FAU FAULTY CODE
9%
FIR FIREPOWER (Kapycta999)
9%
Fir FirePower (MrLorenzo)
9%
FIR FIREPOWER (Sillow)
9%
Fis Fishe
9%
fis fish in the sink
9%
FLA FLAMETHROWER
9%
fou four
9%
Fre Freedom16
9%
Fre Freedom19
9%
fun funnyname funnygame
9%
Fut Future Chaos
9%
Gam Gaming
9%
Gli Glide
9%
Gra Gracefully
9%
Gri GridLocked
9%
Hal Halberd
9%
Hea Heat Wave
9%
HEL HELIX (GoldSource)
9%
Hel Helix (LEOPUS)
9%
Hop Hopping Over Puddles
9%
Hyd Hydraulic Overdrive
9%
i l i loved you
9%
im im happy 4 you
9%
I N I NEVER DREAM
9%
inM inMind
9%
iri iridium
9%
Iri Iris of a Puppeteer
9%
IWa IWannaPlatformerList
9%
Jai Jail Break
9%
Jum Jumping Demons
9%
Kar Karasu
9%
Kin Kinetic Bypass
9%
lar laranja azul rosa
9%
Las Last Stop
9%
Lau Launchpad Labyrinth
9%
Let Lets All Love Lain
9%
Lig Lightness
9%
Lit Lit Path
9%
Lon Lonely Lights
9%
Loo Loose Screws
9%
lov lovel
9%
Lum Luma
9%
Lux Luxtra
9%
Mag Magnificent Gaps
9%
Mas MasmeCrescent
9%
Maz Mazemory
9%
Mis Missing Benefits
9%
mis miss you
9%
Mon Monstercat
9%
mor morning vibe
9%
Mov Moving Forward
9%
Mys Mystic Bounds
9%
Neu Neurostasis
9%
nev nevermore
9%
Nex Nextphase
9%
NIG NIGHTLIGHTS
9%
Nig Nightshade
9%
Nov Novalis
9%
Nov Novasphere
9%
Nun Nunri
9%
Obs Obscura
9%
Onc Once Again
9%
Our Ourwa
9%
Out Out of Chaos
9%
OUT OUTPUT SPRING
9%
pho phosphorescent
9%
Pho Photovoltaic II
9%
Pol Polish Alphabet
9%
Pol Poltergeist Reborn
9%
Pre Precipitance
9%
Pro Project Buzzkill
9%
pro project girlboss
9%
Qua Quaoar (Flosia)
9%
Qua Quaoar (ViPriN)
9%
Rai Raindance
9%
Ref Reflective
9%
Rem Removed Submission
9%
Ret Retention Rush
9%
Rob Robi
9%
sar sarthix
9%
SEC SECTOR 19
9%
Sep Sephtis
9%
Sew Sewers
9%
Sha Shape of the Sun
9%
SHA SHATTER
9%
Shi Shinigami
9%
sil silent hills
9%
SIN SINGULARITY
9%
Sky Sky tech
9%
SLA SLAY MOMENT
9%
SMA SMARTISH MODE
9%
Sno SnowFall Fiesta
9%
squ squeak
9%
squ squelch
9%
Sta Static Ignition
9%
STI STICKS FOR BONES
9%
Sto Storming Summit
9%
SUP SUPERCONDUCTOR
9%
Ten Tenkai
9%
The The Hell Inferno
9%
The The Reaper
9%
The The Rupture
9%
The The SMR Collection
9%
Thu Thunder Alphabet
9%
Tim Timor
9%
Tit Titan Complex
9%
Tow Tower of Infinity
9%
TRO TROLLMACHINE
9%
Twi Twisted Titanium
9%
Upl Uplink
9%
Van Vanish
9%
Vid Video
9%
Vio Violet Illusions
9%
VIR VIRTUE
9%
Voi Void World
9%
Vol Voluto
9%
vor vortex
9%
wat water demon
9%
Wil Wild Rose
9%
Wit Without U
9%
Wor Worse Trip
9%
WOR WORSTBRAINMAP
9%
wut wutend
9%
Zur Zurb
9%
3AB 3ABNCNMOCT6
6%
Abs Absolute Anarchy
6%
Aer Aerios
6%
Ago Agony
6%
Alc Alcatraz
6%
All All In
6%
Amb Ambidexter
6%
Aqu Aquanemesis
6%
Art Artificial Climb
6%
Bas Basil
6%
Bea Beatpulse
6%
Beg Begin
6%
Bey Beyond the summit
6%
BLO BLOOM
6%
Blu Blue Suns Zenith
6%
BRA BRAINWASH
6%
BRK BRKMGB8GJCZ
6%
BRO BROWNOIX
6%
cab cabbit
6%
can can i have mod now
6%
Chu Chub Chub
6%
Clu Cluttered Confusion
6%
Col Color Beam
6%
Con Concaved Memories
6%
Con Controlled Chaos
6%
Cri Crimson Citadel
6%
Cro Crowded Void
6%
DAR DARKENED
6%
Dar Dark Flare
6%
Ded Dedohexdragon
6%
Del Delebit Oblivio
6%
DEO DEOGEN
6%
DES DESOLATE
6%
DET DETERNARY
6%
Dig Digital Disarray
6%
Dis Disaster Dive
6%
Dis Disentombed
6%
dis dish rags
6%
Dis Distortion
6%
Dol Dole Damos
6%
Dra Draco Meteor
6%
Dre Dreamer
6%
DRE DREAMING
6%
Dub DubKore X
6%
Dus Dusker Processing
6%
Dus Dust Bowl
6%
ECS ECSTASIS
6%
Eli Elite Z Rebirth
6%
Emp Empress Blades
6%
enc encroaching dark
6%
End Endless Dream
6%
End Endurance
6%
Ero Erosion
6%
Ese Esencia
6%
ete eternal entropy
6%
Evi Evil Depths
6%
Exi Existentia
6%
Fal Falsch
6%
FLO FLOAT
6%
Flo Floating Maze
6%
Fly Flyway
6%
For Forbidden Isle
6%
Fra Fractured Dreams
6%
Fra Fragmented
6%
Fre Free Solo
6%
FRU FRUSTRATION
6%
Fur Furious Flames
6%
Gal Galaxy Gas
6%
Gam Gaming 35
6%
Giv Give Up II
6%
Glo Glory
6%
Gol Golden Club
6%
Gri Grill Kill
6%
Had Hades
6%
Har Hardry
6%
Hea HeatSeeker
6%
Hea Heavens Door
6%
Hid Hidden in the Sand
6%
Hol Hollow
6%
Hue Huellas En La Nieve
6%
Ice Ice Climbers
6%
IDO IDOL19
6%
imi imitation game
6%
Inf Inflective
6%
Ins Insaction
6%
Ins Inside
6%
Int Interstellar Entropy
6%
INT INTO PETALS
6%
Int Intrusive ID
6%
i w i wanna rob the top
6%
I W I Wanted To Sleep
6%
Jar Jard Factory
6%
Jun Junk Realm
6%
KIN KINGSLAYER
6%
Kjd Kjdf8314jlfssf
6%
La La Cueva
6%
las last ship was cool
6%
Las Last Station
6%
Lif Life and Beauty
6%
Lig Lights Out
6%
LIM LIMU
6%
Lin LinuGi
6%
los lost summary
6%
Lov Lovestruck
6%
Lun Lunar
6%
Mak Make It Drop
6%
Mal Malware II
6%
Man Mandragora
6%
Man Maniamatic
6%
Mat Maths
6%
Med Medramint
6%
Mel Melon River
6%
Met Metalic Destruction
6%
Mew MewneI
6%
Mil Milo
6%
Mir Mirage
6%
Mir Mirrored Calamity
6%
Mjo Mjolnir
6%
Mol Molten Mercury
6%
Mom Momentary Affection
6%
MOR MORPHINE
6%
Mot Motorbreath
6%
My My Own Funeral
6%
Myr Myrce
6%
My My Worst Demon Level
6%
Nac Nacreous Snowmelt
6%
Nem Nemesis
6%
Net NetzWerk
6%
Nig Nightmare Chasm
6%
NIG NIGHT RUNNER
6%
No No More
6%
One OneAttempt
6%
OVE OVERKILL
6%
Ove Overlord
6%
Ove Overtime
6%
Par Paranoid Android
6%
Pen Penombre
6%
Pes Pessimism
6%
Pit Pitfall Caverns
6%
Pix PixelSonic
6%
Pla Place
6%
Pla Plasmatic
6%
PLU PLUS ULTRA
6%
POI POINTIERCRATE
6%
Pro Project Nexus
6%
pul pulsation
6%
rad radio tower
6%
Rai Raisins
6%
Ray Rayovac
6%
Rea Reactor Core
6%
Red Red Moon
6%
ree reeses potentially
6%
ReV ReVolution Unleashed
6%
Rob Robot King
6%
SCO SCORCHING LANDSCAPE
6%
SEG SEGFAULT
6%
Shm Shmarley Ville
6%
Sho Shock Therapy
6%
Sno Snowfall Storm
6%
Sod Sodium
6%
SOL SOLEIL
6%
Spe Specthys
6%
Spe Spectrum Rave
6%
Spe Spectrum Split
6%
SPE SPEEDRUN
6%
Spi Spirit House
6%
Ste Step To Hell
6%
Sto Stop Breathing
6%
Sto Storm Front
6%
Sty Stygian Machinery
6%
SUM SUMMER
6%
Sun Sunk
6%
Sup Supernova
6%
sup super serious world
6%
Sur Surge of Memories
6%
Sur Surge of the Shield
6%
SWA SWAP CORE
6%
Swe Sweater Weather
6%
Tem Tempest Tornado
6%
Tes Tesseract Force
6%
The The Cellar Path
6%
The TheCinnyBun
6%
the the DEADLANDS
6%
The The Depths Above
6%
THE THE DRIP TRIP
6%
Thu Thunderzone
6%
Tim Time Pulse
6%
Tor Torsion
6%
Tot Totem
6%
To To The Blue Moon
6%
TRE TREMORS
6%
tro troll level
6%
TRX TRXPPING EYEBXLLS
6%
Twi Twilight Coexistence
6%
Twi Twilight Spire
6%
Uh Uh Oh
6%
Ult UltraSans
6%
Vac Vacant
6%
VAL VALOVI
6%
vas vast waters
6%
Vig Vignette
6%
Vir Virtual Collapse
6%
Vis Visurient
6%
Voc Vociferous
6%
Vol Voltage
6%
Vor Vortex of Time
6%
Wac Wacky McWhackface v2
6%
War Warios Gold MinE
6%
Whg Whg3 Lv5
6%
Whi White Noise
6%
Xer Xeriscape
6%
xus xuser morelike luser
6%
Yee YeeSangHaeYo
6%
Zen Zenith
6%
Alp Alpha Baa X
3%
Apo Apothesis
3%
Bet Bete Noire
3%
Bey Beyond Hell
3%
Bor Bored Walk
3%
Bou Bouncy Ball
3%
BRA BRAINROT
3%
Cal Callisto
3%
Can Canneles Au Chocolat
3%
Cas Castling
3%
Cha Charge
3%
Che Cheyenne
3%
Cho CholeriX
3%
Cir Circuit Breaker
3%
clo cloudscape
3%
Col Coldest Winter Yet
3%
Com Come to Daddy
3%
Com Complementary Cruise
3%
CON CONVEYOR
3%
Cos Cosmic Cluster
3%
Cos Cosmic Ray
3%
Cos Cosmorush 21
3%
Cre Creepy Needle
3%
Cro Cromulent
3%
Cur Curie
3%
Cur Current Current
3%
Cyb Cyberstorm
3%
Dan Dance of the Violins
3%
Dea Deadramino
3%
Dea Death ofthe Divine
3%
dec declassification
3%
Del Delightfall
3%
Des Destinies
3%
Dev Devils Disco
3%
dev devins thorn zone
3%
dev devoid
3%
Dis Disasterous Danceoff
3%
Dis Disastrous Downpour
3%
DRE DREAMS TAKE OVER
3%
Dua Dual Pulse
3%
ech echos du silence
3%
Ech Echos of Neon
3%
ECT ECT6 KOHTAKT
3%
Ede EdenCity
3%
Eff Effect II
3%
Ele Electric Forest
3%
Ele ElectroLux
3%
Ele Eleos
3%
Emp Empanadas Fugaces
3%
Enl Enlightened memories
3%
ENT ENTANGLEMENT
3%
Erg Ergonomic Chair
3%
Est Estufa
3%
ETE ETERNAL ENDING
3%
Eth Ethereal Entity
3%
Evi Evil Inside
3%
Exa Exaltation
3%
Exp Expedition
3%
Ext Extinction
3%
Ext Extremoduro
3%
Fab Fabulous
3%
Fac Facility Collapse
3%
Fal Falling Maze
3%
Far Farthest Outpost
3%
Fel Fellow Phobia
3%
Fer Ferrum Frenzy
3%
Fev Feverest Dream
3%
Fin Final Epilogue
3%
fin find the answer
3%
Fla Flappy Dynamix II
3%
Flo Floating Outskirts
3%
Flu Fluxion
3%
fol follow me CLOSELY
3%
Fra Framework
3%
Fre Free For All 2
3%
Fri Frightful Melody
3%
Ful Fulmination
3%
FUT FUTURE DEMON MACHINE
3%
Gal Galactic Shift
3%
GAN GANGIMARI
3%
gar gardening map
3%
Gen Generic Glow Level
3%
Gen Gentlemens Clique
3%
Get GetFixedBoi
3%
Gla Glacial Torrent
3%
Gli Glitch Control
3%
Gli Glitched Memories
3%
glo gloss
3%
Gol Goldcrest Palace
3%
Gra Grand Eclipse
3%
Gra Graphite World
3%
Gri Grind District
3%
Hap Happy World
3%
Hat Hateful Reflection
3%
hea headlock
3%
Hea Heavenly Echo
3%
hel help
3%
Hid Hidden Horizons
3%
HOO HOOKIN UP WITH CUSTI
3%
Hyd Hydratic
3%
Hyd Hydrostatic
3%
HYP HYPER GRAVITRON
3%
Ice Icefall
3%
i j i just wish i could
3%
Ili Iliobasilema
3%
Ill Illusion
3%
IMM IMMORTALITY
3%
ina inanimate INSANITY
3%
In In Circles
3%
Inf Infinite Highway
3%
INF INFLAMMABLE INFUSION
3%
Ins Instant Execution
3%
Int Intervallum
3%
In In the Generator
3%
Jeo JeonGi
3%
Jet Jetpack Trials
3%
Kar Karma
3%
Keb Kebnekaise
3%
Lat Lateral Myst
3%
Lob LobaXmasTower
3%
Mal Malevolent Maelstrom
3%
Mat Matilda the Machine
3%
Mec Mecha Mayhem
3%
Mec Mechanical Warehouse
3%
Mei Meisou Hanabi
3%
Mes Mesabisos
3%
Met Metal Requiem
3%
Mic Microsoft DriveThru
3%
mis mischeviousmechanism
3%
MON MONSTROSITY
3%
mul multi arm
3%
nei neighborhood
3%
Neo Neon Guts
3%
Nev Never Beat It
3%
Nin Ninobytte
3%
Nob Noble Plague
3%
No No Ember
3%
Nuc Nuclear Alarm
3%
ONV ONVIL FACTORY
3%
Out Outside Eyesight
3%
Par Paralysis
3%
Par Party Rock Anthem
3%
Pen Pentakill
3%
Pla Plastic Flowers
3%
Plo Ploink
3%
Poi Pointless Park
3%
Pol Polygonal Paradox
3%
Poo Pootis Engage XTREME
3%
Pow Power Grid
3%
Pro Proteus
3%
Pum Pumped Up Kicks
3%
RAI RAINBOW GIRL
3%
Rea Realtered
3%
Rea Reaper Lair
3%
rec recollection
3%
RED REDEEMER
3%
res reset your mind
3%
Reu Reunite
3%
Run Runtime Error
3%
SAN SANTA FE
3%
Sap Sapphire Angel
3%
Sca Scattered n Lost
3%
Sep Sephiroth
3%
ser serenity
3%
Shi Shibui
3%
Shi Shimmering Chamber
3%
Sho Showdown
3%
Sky Sky Conflux
3%
Sle Sleep
3%
Sol Solarion
3%
Sor SorryForPartyRocking
3%
Sou SoulbounD
3%
Sou Soundwave
3%
Spr Springtime
3%
Ste Steelworks Bounce
3%
Sti Stickerbush Symphony
3%
sto stormpunk
3%
Str Stressed Out
3%
Sup Supercharged
3%
Sup Supreme Demon Mix
3%
Swi Swirling Serenity
3%
Syn Synergy
3%
Sys Sysmique Locked
3%
Tec Techno Flashes
3%
tec technopunk
3%
Ten Tenochtitlan
3%
Ter Terminal Heaven
3%
Ter Terminux
3%
Ter TerrorCore
3%
The The Gins II
3%
the the guards mission
3%
The The Hell Tribute
3%
The The Mainframe
3%
The The Man With No Eyes
3%
THE THE PRINCE
3%
The The Rainbow Switch
3%
The The Tears Beneath
3%
THI THIS CITY LIT
3%
Tho Thorny Path
3%
Thr Through time
3%
Tit Titanic Thunderstorm
3%
Tor Torgue
3%
To To the Exosphere
3%
To To The Stars II
3%
Tre Treatment Facility
3%
Tro Trouncy Ball
3%
ULT ULTRA VIOLET
3%
Une Unearthed
3%
Uni Universe on fire
3%
unw unwell
3%
Up Up and Down
3%
Ven VendetTa
3%
Ven Venom Valley
3%
ver verisimilitude
3%
ver very rusty pipeline
3%
Vex Vexatious
3%
Vio Violently X
3%
Viv Vivacious
3%
Voi Voided
3%
Wan Want Me
3%
We We Forgot Everything
3%
Wha Whats The Point
3%
Win Wind Storm
3%
Win Wintertime
3%
Wit Witching Hour
3%
Wit Withering Gallery
3%
Zen Zenith Of The Sky
3%
Blo Blocktober Casino
0%
Bra Brain Power
0%
Car Carmine Cascade
0%
Cha Chainsaw
0%
Clo Clock tower
0%
Col Collect All Pets
0%
cor corrupted volume
0%
Dan Dance Til Dawn
0%
Dar Dark Rivalry
0%
dep depth
0%
Dis Disintegrate
0%
Dre Dream City
0%
Dun Dungeon Treasures
0%
Ell Elliptic Curve
0%
Ent Entrenched
0%
EVE EVENT HORIZON
0%
Exo Exotic Energy
0%
for forgotten veil
0%
Fre Frenzy
0%
Fus FusionDynamix
0%
gal gallery
0%
Gan Gang Plank Hell
0%
Gat Gateway
0%
GRE GREAT FURY OF HEAVEN
0%
Gui Guidance
0%
HAP HAPPY PILLS
0%
Hyp Hyperchaos
0%
Imp Impasse
0%
Inc Incandescent
0%
Ins Insane Techniques
0%
Int Intersummisse
0%
Koa Koantaoh
0%
Mag Magnum Opus
0%
Mak Make it funky
0%
Man Manic Machine
0%
Mar Marlboro reds
0%
Mas Masochism
0%
Mid Midnight Tokyo
0%
Mis Miscellaneous Memory
0%
Neo Neon Mixtape Tour
0%
Nor Northern Essence
0%
Nov Novae Project
0%
PAI PAINFUL PLAYLAND
0%
Pin Pingas21
0%
Pla Platscapes
0%
Pou Pound Town
0%
PRO PROTOFLICKER
0%
Qua Quadratic Function
0%
Rat Rate Demon
0%
Rec Recrystallize
0%
Rem Remember
0%
rob robotchief exposal
0%
Rul Ruler of Everything
0%
Scr Screaming
0%
Sea Seaglass Foundry
0%
sha shattered lens
0%
Sho Shock Breaker
0%
Sin Siniristi
0%
Sin Sinister Incision
0%
Sol Solstice
0%
Spa Sparkling
0%
sta stand in the snow
0%
STA STARBREAKER
0%
Sta Starlight Cyclone
0%
Ste Stellaluna
0%
sup super kontik
0%
Tea TeaM Z
0%
Tec Tech X
0%
Ten Tenebris
0%
The The Antimatter
0%
The The First
0%
The The Moon Below
0%
The The Observatory
0%
The The Old Trail
0%
The The Red Coronation
0%
The The Savannah Citadel
0%
the the wiener
0%
Tra Tragedy in 5 acts
0%
Tri Triadic Trials
0%
Tri Triple Six
0%
Tur Turbulent Valley
0%
Tur Turnt Temp
0%
Twi Twitch Denan
0%
Unf Unfair Evening
0%
Unk Unknown Civilization
0%
uns unsaved changes
0%
Ver Vermilion
0%
Vol Voltaic
0%
Wal Walk to the midnight
0%
War Warning
0%
Who Whoopsie Gravy
0%
Zin Zinhwa
0%
No matching quizzes found
Score Distribution
Percent of People with Each Score
Percentile by Number Answered
Your Score History
You have not taken this quiz since the last reset